Josephi Innocentii Desericii Hungari Nitriensis Clerici Regularis Scholarum Piarum De Initiis Ac Majoribus Hungarorum Attila Videlicet Ejusque Decessoribus Proximis Liber IV. Tomus III. Opus Vel Ex Eo Gratum Futurum, Quod Palmares Lapsus Antilogias, Anachronisimos Domesticorum Scriptorum Retegat, Et Avitam Hunnorum Historiam, Suae Chronologiae, Ac Nativo Ordini, Veritatique, Justa Cum Crysi, Et Illustrationibus Ex Optimis, Et Pervetustis Auctoribus Petitis Reponat

Bibliographic Details
Main Author: Dežerický, Jozef Inocent, 1702-1765 (Author)
Other Authors: Landerer, Lipót Ferenc (Printer)
Format: Book
Language:English
Latin
PhysicalDescription:[8], 354 s., [4] 30 cm
Published: Budae in Hungaria Ex Typographaeo Leopoldi Francisci Landerer Anno MDCCLVIII. [=1758]
Subjects:

MARC

LEADER 00000cam a2200000 a 4500
001 vtls009483687
003 SK-MaSNL
005 20260301171221.0
008 090316 1758 hu 001 0 eng
040 |a SNK  |b slo  |c SNK  |e AACR2 
041 0 |a lat 
044 |a hu  |c HU 
072 7 |a 93/94  |x Dejiny (všeobecne)  |2 konspekt 
072 7 |a 27-9  |x Dejiny kresťanskej cirkvi  |2 konspekt 
080 |a 27-9  |2 2011 
080 |a 93/94  |2 2011 
100 1 |a Dežerický, Jozef Inocent,  |d 1702-1765  |4 aut  |9 389202 
245 1 0 |a Josephi Innocentii Desericii Hungari Nitriensis Clerici Regularis Scholarum Piarum De Initiis Ac Majoribus Hungarorum Attila Videlicet Ejusque Decessoribus Proximis  |n Liber IV. Tomus III.  |p Opus Vel Ex Eo Gratum Futurum, Quod Palmares Lapsus Antilogias, Anachronisimos Domesticorum Scriptorum Retegat, Et Avitam Hunnorum Historiam, Suae Chronologiae, Ac Nativo Ordini, Veritatique, Justa Cum Crysi, Et Illustrationibus Ex Optimis, Et Pervetustis Auctoribus Petitis Reponat 
260 |a Budae in Hungaria  |b Ex Typographaeo Leopoldi Francisci Landerer  |c Anno MDCCLVIII. [=1758] 
300 |a [8], 354 s., [4]  |c 30 cm 
500 |a Na titulnom liste červeno-čierna tlač, ozdobné iniciály, vinety, 
501 |a Príväzok 3. k: KÓNYA, Christhoporus. Propositiones Ex Universa Theologia Scholastico Dogmatica... . Pestini: Francisci Antonii Eitzenberger, [1748].  |5 SNK SB 83577 
504 |a Tlačené poznámky pod čiarou 
504 |a Register 
650 0 7 |a teológia  |2 SNKPH  |9 1814 
650 0 7 |a dejiny  |2 SNKPH  |9 3825 
650 0 7 |a cirkevné dejiny  |2 SNKPH  |9 3909 
700 1 |a Landerer, Lipót Ferenc  |4 prt  |9 220077 
700 0 |a Štefan  |b I.,  |c uhorský kráľ,  |d 975?-1038  |4 hnr  |9 338992 
752 |a Maďarsko  |d Budapešť 
852 |a snk  |p SB 83577 
958 |a DD 
958 |a ONDV 
999 |c 830109  |d 832039 
952 |a SNK  |b SNK  |y PREZ  |7 0  |p 17A0058258  |o snkSB 5596/3-5 D2  |i snkKSK 72/59  |8 3  |0 0  |1 0  |4 0  |d 2009-03-18  |l 0  |r 2026-02-24 03:35:19  |w 2026-02-24 
952 |a SNK  |b SNK  |y PREZ  |7 0  |p 17A1486353  |o snkSB 83577/prív.3  |i snk2012/19417  |8 3  |0 0  |1 0  |4 0  |d 2023-03-08  |l 0  |r 2025-05-06 00:00:00  |w 2026-02-24 
952 |a SNK  |b SNK  |y PREZ  |7 0  |p 17X09483687002  |o snkSB 5596/3-5 D1  |i snkF 803/76  |8 5  |3 rekatalogizácia  |0 0  |1 0  |4 0  |d 2009-03-16  |l 0  |r 2026-02-24 03:35:20  |w 2026-02-24 
952 |a SNK  |b SNK  |y PREZ  |7 0  |p 17A0739883  |o snkSB 5596/3-5  |i snkK 789/85  |8 3  |0 0  |1 0  |4 0  |d 2011-11-03  |l 0  |r 2025-02-19 00:00:00  |w 2026-02-24